| 000 | 00364nam a2200169Ia 4500 | ||
|---|---|---|---|
| 100 | _aLipschutz/Seymour | ||
| 650 | _atopology | ||
| 942 | _cBK | ||
| 366 | _f25 | ||
| 654 | _atopology | ||
| 245 | _aGeneral topology:Schaums outline | ||
| 260 |
_bTata McGraw Hil _c2004 |
||
| 082 |
_a512 _bLIP |
||
| 300 | _a238 | ||
| 546 |
_aENGLISH _cproduction |
||
| 999 |
_c34950 _d34950 |
||